[Event "136689 14th Rakosmente Open"]
[Site "1174 Szabadság utca 24. I. em"]
[Date "2016.05.27"]
[Round "1.1"]
[White "Juhasz, Agoston"]
[Black "Kormos, Adam"]
[Result "0-1"]
[WhiteElo "1854"]
[BlackElo "2173"]
[PlyCount "68"]
[EventDate "2016.05.27"]

1. e4 g6 2. d4 Bg7 3. Nc3 d5 4. exd5 Nf6 5. Bb5+ Nbd7 6. Nf3 O-O 7. O-O Nb6 8.
Re1 Bg4 9. h3 Bxf3 10. Qxf3 Nbxd5 11. Ne2 c6 12. Bd3 Nb4 13. c3 Nxd3 14. Qxd3
Qa5 15. Bf4 Rfd8 16. Be5 Qxe5 17. Ng3 Qc7 18. Re2 e5 19. Rae1 exd4 20. Qc4 b5
21. Qb3 Nd5 22. Ne4 Nf4 23. Rd2 d3 24. Re3 Ne2+ 25. Rdxe2 dxe2 26. Rxe2 Qf4 27.
Re3 Re8 28. g3 Qf5 29. Nd6 Qb1+ 30. Kh2 Rxe3 31. Qxf7+ Kh8 32. Qb3 Re7 33. Nf7+
Rxf7 34. Qxf7 Rf8 0-1

[Event "136689 14th Rakosmente Open"]
[Site "1174 Szabadság utca 24. I. em"]
[Date "2016.05.27"]
[Round "1.2"]
[White "Forgacs, Attila"]
[Black "Lakatos, Tamas"]
[Result "1-0"]
[WhiteElo "2167"]
[BlackElo "1837"]
[PlyCount "51"]
[EventDate "2016.05.27"]

1. e4 c6 2. d4 d5 3. e5 Bf5 4. Nd2 e6 5. Nb3 Nd7 6. f4 h6 7. Nf3 Ne7 8. Be3 Qc7
9. Be2 b6 10. O-O Ng6 11. c4 Be7 12. Rc1 Qb7 13. h3 Nh4 14. cxd5 Nxf3+ 15. Bxf3
cxd5 16. g4 Bh7 17. Bg2 Rc8 18. f5 Rxc1 19. Qxc1 Qb8 20. Qc6 Bg8 21. Bf4 Qd8
22. f6 gxf6 23. exf6 Bb4 24. Bc7 Qc8 25. a3 Bf8 26. Bxd5 1-0

[Event "136689 14th Rakosmente Open"]
[Site "1174 Szabadság utca 24. I. em"]
[Date "2016.05.27"]
[Round "1.3"]
[White "Horvath, Csaba"]
[Black "Darazs, Zoltan"]
[Result "0-1"]
[WhiteElo "1835"]
[BlackElo "2133"]
[PlyCount "92"]
[EventDate "2016.05.27"]

1. e4 c5 2. Nf3 Nc6 3. d4 cxd4 4. Nxd4 Nf6 5. Nc3 e5 6. Ndb5 d6 7. Bg5 a6 8.
Na3 b5 9. Bxf6 gxf6 10. Nd5 Bg7 11. c3 f5 12. Bd3 fxe4 13. Bxe4 O-O 14. Nf6+
Qxf6 15. Qh5 Qh6 16. Qxh6 Bxh6 17. Bxc6 Rb8 18. Nc2 a5 19. O-O Rb6 20. Bd5 Kg7
21. Ne3 f5 22. Bf3 Bxe3 23. fxe3 Be6 24. Rf2 Kf6 25. e4 Ke7 26. exf5 Rxf5 27.
Rd2 b4 28. cxb4 Rxb4 29. Rad1 Rb8 30. b3 Rf4 31. Bd5 a4 32. g3 Rfb4 33. a3 Rxb3
34. Bxb3 axb3 35. Rb2 Ra8 36. Ra1 Ra4 37. Rc1 Bc4 38. Rxc4 Rxc4 39. Rxb3 Rc2
40. Rb7+ Ke6 41. Rxh7 e4 42. Rh5 e3 43. Kf1 d5 44. Rh4 Ke5 45. a4 d4 46. Ke1 d3
0-1

[Event "136689 14th Rakosmente Open"]
[Site "1174 Szabadság utca 24. I. em"]
[Date "2016.05.27"]
[Round "1.4"]
[White "Gubics, Peter"]
[Black "Palczert, Miklos Dr"]
[Result "1-0"]
[WhiteElo "2125"]
[BlackElo "1767"]
[PlyCount "147"]
[EventDate "2016.05.27"]

1. Nf3 Nf6 2. c4 g6 3. g3 Bg7 4. Bg2 O-O 5. O-O d5 6. cxd5 Nxd5 7. Nc3 c6 8.
Qb3 Na6 9. d3 Nc5 10. Qc4 Nxc3 11. bxc3 b6 12. Be3 Be6 13. Qb4 Nb7 14. Nd4 Bxd4
15. cxd4 Bd5 16. Bh3 Qd6 17. Qc3 f5 18. Bf4 Qf6 19. Be5 Qg5 20. e4 fxe4 21.
dxe4 Bf7 22. Qxc6 Na5 23. Qc3 Qh5 24. Kg2 g5 25. f3 Qg6 26. d5 h5 27. Bf5 Qh6
28. Rac1 Bxd5 29. Qd3 Be6 30. Rc7 Rfd8 31. Qc3 Rac8 32. Bxe6+ Qxe6 33. Bh8 Kf7
34. Qg7+ Ke8 35. Rxc8 Rxc8 36. Qxg5 Rc5 37. Qd2 Nc4 38. Qe2 Na3 39. Rf2 h4 40.
Bd4 h3+ 41. Kg1 Rc1+ 42. Rf1 Rc2 43. Qa6 Rg2+ 44. Kh1 Rxa2 45. Qxa7 Qc4 46.
Qa8+ Kd7 47. Qb7+ Ke8 48. Qa8+ Kd7 49. Qd5+ Qxd5 50. exd5 b5 51. Bc5 Nc2 52.
Rb1 Ra1 53. Rxa1 Nxa1 54. Kg1 Nc2 55. Kf2 b4 56. Ke2 e5 57. dxe6+ Kxe6 58. Kd2
b3 59. Bf2 Nb4 60. Bd4 Nd5 61. Kd3 Kf5 62. Bb2 Ke6 63. Bc1 Nf6 64. g4 Nd5 65.
f4 Ne7 66. Ke4 Nc6 67. f5+ Kf6 68. g5+ Kf7 69. g6+ Kg8 70. f6 Nd8 71. Kd5 Kf8
72. Ba3+ Kg8 73. f7+ Kg7 74. f8=Q+ 1-0

[Event "136689 14th Rakosmente Open"]
[Site "1174 Szabadság utca 24. I. em"]
[Date "2016.05.27"]
[Round "1.5"]
[White "Safar, Istvan"]
[Black "Torok, Tamas Titusz"]
[Result "1/2-1/2"]
[WhiteElo "1758"]
[BlackElo "2110"]
[PlyCount "147"]
[EventDate "2016.05.27"]

1. d4 d5 2. g3 e6 3. Bg2 Nf6 4. Nf3 c5 5. c3 Nc6 6. O-O cxd4 7. cxd4 Bd6 8. Nc3
O-O 9. Bg5 h6 10. Bxf6 Qxf6 11. a3 Qe7 12. Re1 f5 13. e3 Bd7 14. Nb5 Bb8 15.
Rc1 a6 16. Nc3 b5 17. b4 Bd6 18. Nd2 Qf7 19. Nb3 Ne7 20. Nc5 Bc6 21. Ne2 g5 22.
f4 Kh8 23. Rc3 a5 24. Qc2 axb4 25. axb4 Ra7 26. Nc1 Rfa8 27. N1b3 Re8 28. Rc1
Ba8 29. Qd2 Rc7 30. R3c2 Nc8 31. Qe2 Nb6 32. Nd2 Nc4 33. Nxc4 bxc4 34. Ra2 Bxc5
35. bxc5 Rb8 36. Rca1 Bc6 37. Ra6 g4 38. Rb6 Rxb6 39. cxb6 Rb7 40. Qb2 Qe7 41.
Bf1 Rb8 42. Be2 Qb7 43. Rb1 Ba4 44. Qa3 Bb3 45. Qd6 Qxb6 46. Qe5+ Kh7 47. Bd1
Kg6 48. Kg2 Ra8 49. Rb2 Re8 50. h3 h5 51. hxg4 hxg4 52. Bxg4 fxg4 53. Qg5+ Kf7
54. f5 e5 55. f6 Rg8 56. Qxe5 Qe6 57. Qh5+ Kxf6 58. Rf2+ Ke7 59. Qh7+ Kd6 60.
Kg1 Bd1 61. Qa7 Bf3 62. Qc5+ Kd7 63. Qa7+ Ke8 64. Qb8+ Kf7 65. Qf4+ Kg6 66. Rh2
Kg7 67. Qg5+ Kf8 68. Qd8+ Kf7 69. Qc7+ Kf8 70. Qd8+ Kf7 71. Qc7+ Kf8 72. Qd8+
Qe8 73. Qf6+ Qf7 74. Qd8+ 1/2-1/2

[Event "136689 14th Rakosmente Open"]
[Site "1174 Szabadság utca 24. I. em"]
[Date "2016.05.27"]
[Round "1.6"]
[White "Kis, Bela"]
[Black "Tolnai, Jozsef"]
[Result "1-0"]
[WhiteElo "2061"]
[BlackElo "1756"]
[PlyCount "79"]
[EventDate "2016.05.27"]

1. e4 c6 2. d4 d5 3. Nc3 dxe4 4. Nxe4 Bf5 5. Ng3 Bg6 6. Nf3 Nd7 7. h4 h6 8. h5
Bh7 9. Bd3 Bxd3 10. Qxd3 e6 11. Bf4 Qa5+ 12. Bd2 Bb4 13. c3 Be7 14. Bf4 Ngf6
15. Ne5 Nxe5 16. Bxe5 Qd5 17. O-O O-O 18. c4 Qa5 19. a3 c5 20. b4 cxb4 21. axb4
Qd8 22. Qf3 b6 23. b5 Nd7 24. Qb7 Nxe5 25. dxe5 Bc5 26. Ne4 Qd4 27. Nxc5 Qxc5
28. Rxa7 Rab8 29. Qe4 Rbc8 30. Rc1 Rc7 31. Rxc7 Qxc7 32. c5 Rd8 33. f4 Rd5 34.
c6 Rxb5 35. Qd3 Rd5 36. Qa6 Ra5 37. Qb7 Ra7 38. Qxa7 Qxa7 39. c7 b5+ 40. Kh1
1-0

[Event "136689 14th Rakosmente Open"]
[Site "1174 Szabadság utca 24. I. em"]
[Date "2016.05.27"]
[Round "1.7"]
[White "Solti, Gergely"]
[Black "Bodrogi, Mihaly"]
[Result "0-1"]
[WhiteElo "1735"]
[BlackElo "2014"]
[PlyCount "78"]
[EventDate "2016.05.27"]

1. e4 c5 2. Nf3 Nc6 3. d4 cxd4 4. Nxd4 g6 5. Nc3 Bg7 6. Be3 Nf6 7. Bc4 O-O 8.
Bb3 a5 9. a4 Ng4 10. Qxg4 Nxd4 11. Bxd4 Bxd4 12. Qe2 d6 13. Rd1 Bg7 14. O-O Bd7
15. Kh1 Rc8 16. Qe3 Rc5 17. f4 Bxc3 18. bxc3 Qc7 19. Rd3 b5 20. e5 bxa4 21. e6
Bxe6 22. Bxe6 fxe6 23. Qxe6+ Kg7 24. Qe4 Rc4 25. Qe3 a3 26. f5 a2 27. Rdd1 Rf6
28. Rf3 gxf5 29. Ra1 Ra4 30. Qg5+ Kh8 31. Rh3 Qd8 32. Qh5 Qg8 33. Re3 Qf7 34.
Qe2 Re4 35. Kg1 Rfe6 36. Rxe4 Rxe4 37. Qb5 Qe6 38. Kf2 Rf4+ 39. Kg3 Qe3# 0-1

[Event "136689 14th Rakosmente Open"]
[Site "1174 Szabadság utca 24. I. em"]
[Date "2016.05.27"]
[Round "1.8"]
[White "Birovecz, Ben Jordan"]
[Black "Czimer, Jozsef"]
[Result "1-0"]
[WhiteElo "1732"]
[BlackElo "1733"]
[PlyCount "35"]
[EventDate "2016.05.27"]

1. e4 d6 2. c4 g6 3. Nc3 Bg7 4. d4 c5 5. d5 Bxc3+ 6. bxc3 Qa5 7. Bd2 Nd7 8. Nf3
Nb6 9. Bd3 Bd7 10. O-O e5 11. dxe6 Bxe6 12. Qe2 f6 13. e5 dxe5 14. Nxe5 O-O-O
15. Nc6 bxc6 16. Qxe6+ Kb7 17. Be4 Rxd2 18. Qxc6+ 1-0

[Event "136689 14th Rakosmente Open"]
[Site "1174 Szabadság utca 24. I. em"]
[Date "2016.05.27"]
[Round "1.9"]
[White "Monduk, Ferenc"]
[Black "Di Giovanni, Vilmos"]
[Result "0-1"]
[WhiteElo "1485"]
[BlackElo "1705"]
[PlyCount "120"]
[EventDate "2016.05.27"]

1. d4 d5 2. c4 e6 3. Nf3 c6 4. Nc3 f5 5. Bf4 Nf6 6. e3 Be7 7. Ng5 O-O 8. Be2
Ne4 9. Ngxe4 fxe4 10. Bh5 Bf6 11. O-O Nd7 12. Qb3 dxc4 13. Qxc4 Nb6 14. Qb3 Nd5
15. Nxe4 Nxf4 16. exf4 Bxd4 17. Bg4 Rxf4 18. Bxe6+ Bxe6 19. Qxe6+ Kh8 20. g3
Rf8 21. Rad1 Qb6 22. Rd2 Rfe8 23. Qg4 c5 24. b3 Qc6 25. Ng5 h6 26. Qh5 Kg8 27.
Nh3 Re5 28. Qg4 Qf6 29. Nf4 Re4 30. Qf3 Qf5 31. Re2 Rae8 32. Rfe1 Rxe2 33. Rxe2
Rxe2 34. Qxe2 Qf7 35. Kg2 b6 36. Qe6 g5 37. Qc8+ Kh7 38. Qe6 Kg7 39. Qxf7+ Kxf7
40. Ne2 Ke6 41. Kf3 Kf5 42. g4+ Ke5 43. Ng3 Kf6 44. Nf5 Be5 45. h3 h5 46. Ne3
h4 47. Ke4 Ke6 48. Nc4 Bf4 49. a3 b5 50. Na5 Bc1 51. Nc6 a6 52. Nb8 a5 53. a4
bxa4 54. bxa4 Kd6 55. f3 Bf4 56. Kd3 Kc7 57. Na6+ Kb6 58. Kc4 Kxa6 59. Kxc5 Kb7
60. Kb5 Bd2 0-1

[Event "136689 14th Rakosmente Open"]
[Site "1174 Szabadság utca 24. I. em"]
[Date "2016.05.27"]
[Round "1.10"]
[White "Forgacs, Attila Jr"]
[Black "Filep, Gyorgy Dr"]
[Result "1/2-1/2"]
[WhiteElo "1663"]
[BlackElo "1459"]
[PlyCount "70"]
[EventDate "2016.05.27"]

1. e4 c6 2. d4 d5 3. Nd2 dxe4 4. Nxe4 Nd7 5. Nf3 Ngf6 6. Nxf6+ Nxf6 7. c3 Bg4
8. h3 Bh5 9. Be2 e6 10. O-O Be7 11. Re1 O-O 12. Bf4 Bd6 13. Bxd6 Qxd6 14. Ne5
Bg6 15. Nxg6 hxg6 16. Bf3 Rfd8 17. Qe2 Qc7 18. Rad1 Rac8 19. Qe3 Nd5 20. Bxd5
cxd5 21. Qe5 Qc4 22. a3 a5 23. Qe2 b5 24. Qxc4 bxc4 25. f4 Rb8 26. Rd2 Kf8 27.
Kf2 Ke7 28. Kf3 Rb7 29. g4 Rh8 30. Kg3 Rhb8 31. Ree2 Kd6 32. Kf3 Rh8 33. Kg3
Rhb8 34. Kf3 Rh8 35. Kg3 Rhb8 1/2-1/2

[Event "136689 14th Rakosmente Open"]
[Site "1174 Szabadság utca 24. I. em"]
[Date "2016.05.27"]
[Round "1.11"]
[White "Makrai, Bence"]
[Black "Fule, Simon"]
[Result "0-1"]
[WhiteElo "1453"]
[BlackElo "1639"]
[PlyCount "100"]
[EventDate "2016.05.27"]

1. e4 c5 2. Nf3 Nc6 3. d4 cxd4 4. Nxd4 Nf6 5. Nc3 d6 6. Bc4 e6 7. Be3 Be7 8.
O-O O-O 9. a3 a6 10. Ba2 Qc7 11. Qe2 b5 12. Nxc6 Qxc6 13. f3 Bb7 14. Rfd1 Rfd8
15. Qf2 Rac8 16. Rac1 Nd7 17. Qg3 Qc7 18. Rd2 Nf6 19. Rcd1 Bc6 20. Bh6 Bf8 21.
Be3 Kh8 22. Qf2 Nd7 23. Bf4 Nf6 24. g4 Rd7 25. Qg3 Rcd8 26. h4 Qb6+ 27. Kg2 d5
28. e5 Ng8 29. Qe1 b4 30. Nb1 Qa5 31. Bb3 bxa3 32. bxa3 Ne7 33. Rd3 Qc7 34. Rd4
Ng6 35. Bg3 Bc5 36. R4d3 Qb7 37. h5 Ne7 38. Bf2 Qb6 39. Bxc5 Qxc5 40. Rd4 Bb5
41. Nc3 Nc6 42. Nxb5 axb5 43. R4d2 Qxa3 44. Ra1 Qb4 45. Qf2 Nxe5 46. Rd4 Qc5
47. Qd2 Nc6 48. Rd3 Ne5 49. Rc3 Nc4 50. Bxc4 dxc4 0-1

[Event "136689 14th Rakosmente Open"]
[Site "1174 Szabadság utca 24. I. em"]
[Date "2016.05.27"]
[Round "1.12"]
[White "Szurkos, Andras"]
[Black "Palczert, Hajnalka"]
[Result "1-0"]
[WhiteElo "1639"]
[BlackElo "1410"]
[PlyCount "99"]
[EventDate "2016.05.27"]

1. e4 c5 2. d4 cxd4 3. Nf3 Nc6 4. Nxd4 g6 5. Nxc6 bxc6 6. Qd4 Nf6 7. e5 Nd5 8.
c4 Nb4 9. Qc3 e6 10. a3 Na6 11. Nd2 Bg7 12. Ne4 O-O 13. Nf6+ Bxf6 14. exf6 d5
15. Qe5 Nc5 16. Bg5 Ne4 17. h4 Qd6 18. Bf4 Qxe5 19. Bxe5 Ba6 20. f3 Nxf6 21.
Bxf6 dxc4 22. O-O-O Bb5 23. g4 Rab8 24. Rd4 c3 25. bxc3 Bxf1 26. Rxf1 Rb3 27.
Ra4 Rfb8 28. Kc2 R3b7 29. Rb4 Kf8 30. Rfb1 Rxb4 31. Rxb4 Rc8 32. Rb7 Ra8 33.
Rc7 Ke8 34. Re7+ Kf8 35. Rc7 Ke8 36. g5 a5 37. a4 Ra6 38. Bd4 Kd8 39. Rxf7 Ke8
40. Rxh7 Kf8 41. f4 Kg8 42. Rg7+ Kf8 43. Rxg6 Ke7 44. Bc5+ Kf7 45. Rf6+ Kg7 46.
Rxe6 Kf7 47. f5 Kg7 48. Re7+ Kg8 49. f6 Ra8 50. f7+ 1-0

[Event "136689 14th Rakosmente Open"]
[Site "1174 Szabadság utca 24. I. em"]
[Date "2016.05.27"]
[Round "1.13"]
[White "Benyeda, Monika"]
[Black "Csermely, Zoltan"]
[Result "0-1"]
[WhiteElo "1402"]
[BlackElo "1619"]
[PlyCount "90"]
[EventDate "2016.05.27"]

1. d4 Nf6 2. Nf3 Ne4 3. c4 d5 4. Nc3 Nxc3 5. bxc3 Bg4 6. e3 e6 7. Be2 c5 8. O-O
Nc6 9. h3 Bxf3 10. Bxf3 cxd4 11. cxd4 dxc4 12. Qa4 Qd7 13. Qxc4 Rc8 14. Qb3 Na5
15. Qb2 b6 16. a4 Bd6 17. Qb5 Qxb5 18. axb5 Rc7 19. Ba3 Ke7 20. Rfd1 Rhc8 21.
Bxd6+ Kxd6 22. d5 e5 23. Bg4 Rf8 24. e4 Nb3 25. Rab1 Nd4 26. Rdc1 Rxc1+ 27.
Rxc1 f5 28. exf5 Nxb5 29. Rb1 Nc3 30. Ra1 a5 31. Rc1 Nxd5 32. Bf3 Rxf5 33. Bxd5
Kxd5 34. Rc7 Rg5 35. h4 Rg6 36. Rb7 h5 37. Kf1 a4 38. Ke2 Kc6 39. Re7 Rxg2 40.
Rxe5 g6 41. Kf3 Rg1 42. Re3 b5 43. Ke2 b4 44. Kd2 Kd5 45. Kd3 Rg4 0-1

[Event "136689 14th Rakosmente Open"]
[Site "1174 Szabadság utca 24. I. em"]
[Date "2016.05.27"]
[Round "1.14"]
[White "Forgacs, Andras"]
[Black "Filep, Tibor"]
[Result "1-0"]
[WhiteElo "1618"]
[BlackElo "1391"]
[PlyCount "51"]
[EventDate "2016.05.27"]

1. c4 Nf6 2. Nc3 e6 3. e4 Bb4 4. Qc2 d6 5. a3 Bxc3 6. bxc3 O-O 7. d4 h6 8. Bd3
Nbd7 9. f4 c5 10. d5 e5 11. f5 Nb6 12. a4 a5 13. Qe2 Bd7 14. Bc2 Rb8 15. Bb3
Qe8 16. Qc2 Kh7 17. h3 Nh5 18. Kf2 Qe7 19. Nf3 g5 20. g4 Nf4 21. Bxf4 exf4 22.
e5 f6 23. e6 Be8 24. h4 Rg8 25. hxg5 fxg5 26. f6+ 1-0

[Event "136689 14th Rakosmente Open"]
[Site "1174 Szabadság utca 24. I. em"]
[Date "2016.05.27"]
[Round "1.15"]
[White "Palczert, Matyas"]
[Black "Timko, Gyula"]
[Result "1-0"]
[WhiteElo "1363"]
[BlackElo "1612"]
[PlyCount "65"]
[EventDate "2016.05.27"]

1. e4 g6 2. Nf3 Bg7 3. d4 d6 4. Nc3 a6 5. g3 c6 6. Bg2 Qc7 7. Be3 Nd7 8. O-O
Nb6 9. a4 Bg4 10. Qe2 Nf6 11. e5 Nfd5 12. a5 Nxc3 13. bxc3 Nd5 14. exd6 Qxd6
15. c4 Nf6 16. Bf4 Qd7 17. Qd2 Bxf3 18. Bxf3 O-O 19. Rab1 Rfd8 20. c3 Ne8 21.
c5 e5 22. Be3 exd4 23. cxd4 Nc7 24. Rxb7 Rab8 25. Rfb1 Qc8 26. Rxb8 Qxb8 27.
Rxb8 Rxb8 28. Bf4 Rb1+ 29. Kg2 Ne6 30. d5 Nxf4+ 31. Qxf4 Rb5 32. d6 Rxc5 33. d7
1-0

[Event "136689 14th Rakosmente Open"]
[Site "1174 Szabadság utca 24. I. em"]
[Date "2016.05.28"]
[Round "2.1"]
[White "Kormos, Adam"]
[Black "Gubics, Peter"]
[Result "1-0"]
[WhiteElo "2173"]
[BlackElo "2125"]
[PlyCount "137"]
[EventDate "2016.05.27"]

1. e4 e6 2. c4 d5 3. Nc3 d4 4. Nce2 Nc6 5. a3 d3 6. Nc3 Qd4 7. Nf3 Qxc4 8. Qa4
Qxa4 9. Nxa4 Bd7 10. Bxd3 Nf6 11. b4 Rd8 12. Bc2 a5 13. bxa5 Nxa5 14. Nc3 Bc6
15. d4 Be7 16. O-O O-O 17. Bf4 Rc8 18. Rfe1 Rfe8 19. Ne5 Bf8 20. Bd2 Red8 21.
Ne2 Ra8 22. f3 Be8 23. Be3 Nd7 24. Nxd7 Bxd7 25. a4 Nc4 26. Bf2 Nb2 27. Reb1
Nxa4 28. Rxb7 Nb6 29. Raa7 Rxa7 30. Rxa7 Ra8 31. Rxa8 Nxa8 32. Nf4 Nb6 33. Bb3
Ba4 34. Ba2 Bd6 35. Be3 Bb5 36. Nh3 Bc4 37. Bb1 Nd7 38. e5 Bb4 39. Ng5 h6 40.
Ne4 Nb6 41. Nd2 Bd5 42. Bd3 Na4 43. Bc2 Nb2 44. Nf1 Bc3 45. f4 Nc4 46. Bf2 g6
47. Ng3 Na3 48. Bd1 Nb5 49. Ne2 Bb2 50. Be3 Bc4 51. Kf2 c6 52. g4 Bxe2 53. Kxe2
Bxd4 54. Bxd4 Nxd4+ 55. Kd3 Nb5 56. Kc4 g5 57. f5 Kf8 58. Bf3 Na3+ 59. Kc5 Nc2
60. Bxc6 Ne3 61. fxe6 fxe6 62. Kd6 Kf7 63. Bb5 Nxg4 64. Bc4 Nxh2 65. Bxe6+ Kg7
66. Bh3 Nf3 67. e6 Kf8 68. e7+ Kf7 69. Be6+ 1-0

[Event "136689 14th Rakosmente Open"]
[Site "1174 Szabadság utca 24. I. em"]
[Date "2016.05.28"]
[Round "2.2"]
[White "Bodrogi, Mihaly"]
[Black "Forgacs, Attila"]
[Result "1-0"]
[WhiteElo "2014"]
[BlackElo "2167"]
[PlyCount "93"]
[EventDate "2016.05.27"]

1. d4 f5 2. c4 Nf6 3. Nc3 g6 4. g3 Bg7 5. Bg2 d6 6. e3 O-O 7. Nge2 c6 8. O-O e6
9. b4 Kh8 10. a4 Nbd7 11. c5 d5 12. f4 Ne4 13. Nxe4 dxe4 14. Qb3 Nf6 15. Nc3
Nd5 16. Bd2 g5 17. Nxd5 exd5 18. b5 gxf4 19. Rxf4 Bh6 20. Rf2 Be6 21. a5 Qd7
22. Bf1 Rab8 23. Qa4 a6 24. bxa6 bxa6 25. Bxa6 Rb2 26. Bc1 Rxf2 27. Kxf2 f4 28.
exf4 Bg4 29. Bf1 Bf3 30. Rb1 Qg4 31. Qxc6 e3+ 32. Bxe3 Be4 33. Rb3 Qf3+ 34. Ke1
Bg7 35. a6 Bc2 36. Rc3 Qd1+ 37. Kf2 Bxd4 38. Bxd4+ Qxd4+ 39. Re3 Ba4 40. Qh6
Qxc5 41. Bd3 Rf7 42. Qe6 Rc7 43. Kg2 Bc6 44. Qf6+ Kg8 45. Qd8+ Qf8 46. Qxc7 d4+
47. Qxc6 1-0

[Event "136689 14th Rakosmente Open"]
[Site "1174 Szabadság utca 24. I. em"]
[Date "2016.05.28"]
[Round "2.3"]
[White "Darazs, Zoltan"]
[Black "Kis, Bela"]
[Result "1/2-1/2"]
[WhiteElo "2133"]
[BlackElo "2061"]
[PlyCount "111"]
[EventDate "2016.05.27"]

1. e4 d6 2. d4 Nf6 3. Nc3 g6 4. f4 Bg7 5. Nf3 O-O 6. Bd3 c5 7. dxc5 dxc5 8. e5
Nd5 9. Nxd5 Qxd5 10. Qe2 Nc6 11. Be4 Qd7 12. Be3 b6 13. h4 Bb7 14. h5 Nb4 15.
Bxb7 Qxb7 16. c3 Nd5 17. O-O-O Nxe3 18. Qxe3 Rad8 19. e6 Rxd1+ 20. Rxd1 Bf6 21.
exf7+ Kxf7 22. hxg6+ hxg6 23. f5 gxf5 24. Ng5+ Bxg5 25. Qxg5 Qe4 26. Qh5+ Ke6
27. Qg6+ Rf6 28. Qg8+ Ke5 29. Qd8 Kf4 30. Qd2+ Kg4 31. Re1 Qf4 32. Rxe7 Qxd2+
33. Kxd2 Kg3 34. Rg7+ Kf2 35. Kd3 Rd6+ 36. Kc2 f4 37. Rf7 Ke3 38. Rxa7 Rd2+ 39.
Kb3 Rxg2 40. Re7+ Kf2 41. Re6 f3 42. Rxb6 Ke1 43. a4 f2 44. Re6+ Kd2 45. Rf6
Ke3 46. a5 Rg6 47. Rf5 Rg5 48. Rxf2 Kxf2 49. Kc4 Ke3 50. a6 Rg6 51. Kb5 c4 52.
a7 Rg8 53. Kxc4 Ra8 54. b4 Rxa7 55. b5 Rc7+ 56. Kd5 1/2-1/2

[Event "136689 14th Rakosmente Open"]
[Site "1174 Szabadság utca 24. I. em"]
[Date "2016.05.28"]
[Round "2.4"]
[White "Torok, Tamas Titusz"]
[Black "Birovecz, Ben Jordan"]
[Result "1-0"]
[WhiteElo "2110"]
[BlackElo "1732"]
[PlyCount "115"]
[EventDate "2016.05.27"]

1. e4 c5 2. b3 Nc6 3. Bb2 d6 4. Bb5 Bd7 5. f4 a6 6. Bxc6 Bxc6 7. Nc3 e6 8. Qe2
Nf6 9. Nf3 Be7 10. O-O-O b5 11. e5 dxe5 12. fxe5 Nd5 13. Nxd5 Bxd5 14. d3 O-O
15. Kb1 Qb6 16. c4 Bc6 17. h4 a5 18. d4 bxc4 19. Qxc4 Bd5 20. dxc5 Bxc5 21. Qa4
Qb4 22. Qxb4 Bxb4 23. Rd4 Rfb8 24. h5 a4 25. Rhh4 Be7 26. Rxa4 Bxh4 27. Rxh4
Rd8 28. Rd4 Bxf3 29. gxf3 Rxd4 30. Bxd4 Rd8 31. Bc3 Rd3 32. Kc2 Rd7 33. a4 Kf8
34. b4 Ke8 35. b5 Kd8 36. Kb3 Kc7 37. Kc4 Kb7 38. Bd4 f6 39. a5 Rc7+ 40. Kb4
fxe5 41. a6+ Ka8 42. Bxe5 Rc1 43. b6 Rb1+ 44. Kc5 g6 45. h6 g5 46. b7+ Rxb7 47.
axb7+ Kxb7 48. Kd6 Kc8 49. Kxe6 Kd8 50. Kf7 Kd7 51. Kg7 Ke7 52. Bf6+ Ke6 53.
Bxg5 Kf5 54. Kxh7 Kxg5 55. Kg7 Kf5 56. h7 Kf4 57. h8=Q Kxf3 58. Qh4 1-0

[Event "136689 14th Rakosmente Open"]
[Site "1174 Szabadság utca 24. I. em"]
[Date "2016.05.28"]
[Round "2.5"]
[White "Lakatos, Tamas"]
[Black "Safar, Istvan"]
[Result "1/2-1/2"]
[WhiteElo "1837"]
[BlackElo "1758"]
[PlyCount "63"]
[EventDate "2016.05.27"]

1. e4 c5 2. c3 g6 3. d4 cxd4 4. cxd4 Bg7 5. Nc3 a6 6. Be3 d6 7. h3 Nc6 8. Nf3
Nf6 9. Qd2 O-O 10. Be2 Re8 11. O-O b5 12. Rac1 Bb7 13. Rfd1 b4 14. Na4 Nxe4 15.
Qd3 d5 16. Nc5 Nxc5 17. Rxc5 e6 18. Rdc1 Rc8 19. Qb3 Qb6 20. a3 Bf8 21. R5c2
Na5 22. Rxc8 Rxc8 23. Qd1 Rxc1 24. Qxc1 bxa3 25. bxa3 Qc6 26. Qd2 Nc4 27. Bxc4
dxc4 28. Qc3 Bg7 29. Bg5 h6 30. Be3 Qb5 31. Nd2 Bd5 32. f3 1/2-1/2

[Event "136689 14th Rakosmente Open"]
[Site "1174 Szabadság utca 24. I. em"]
[Date "2016.05.28"]
[Round "2.6"]
[White "Di Giovanni, Vilmos"]
[Black "Juhasz, Agoston"]
[Result "0-1"]
[WhiteElo "1705"]
[BlackElo "1854"]
[PlyCount "74"]
[EventDate "2016.05.27"]

1. d4 d5 2. Nf3 Nf6 3. Bf4 c5 4. e3 cxd4 5. exd4 Nc6 6. c3 Bg4 7. Nbd2 e6 8.
Be2 Bd6 9. Ne5 Bxe5 10. Bxe5 Nxe5 11. dxe5 Bxe2 12. Qxe2 Nd7 13. O-O O-O 14.
Nf3 a6 15. Nd4 Qc7 16. f4 b5 17. a4 b4 18. cxb4 Qb6 19. Qd2 Rfb8 20. b5 axb5
21. axb5 Rxa1 22. Rxa1 Nc5 23. Kf1 Nb3 24. Nxb3 Qxb5+ 25. Ke1 Qxb3 26. Qc3 Qb6
27. Kf1 h6 28. Rb1 Qb5+ 29. Kf2 Qa4 30. b4 Qa7+ 31. Kf3 Qb7 32. Kg3 Rc8 33. Qd3
Rc4 34. b5 f6 35. exf6 Qc7 36. Qf1 g5 37. b6 Qb8 0-1

[Event "136689 14th Rakosmente Open"]
[Site "1174 Szabadság utca 24. I. em"]
[Date "2016.05.28"]
[Round "2.7"]
[White "Fule, Simon"]
[Black "Horvath, Csaba"]
[Result "1/2-1/2"]
[WhiteElo "1639"]
[BlackElo "1835"]
[PlyCount "32"]
[EventDate "2016.05.27"]

1. e4 c5 2. Nf3 e6 3. d4 cxd4 4. Nxd4 a6 5. Be3 Nf6 6. Nd2 Qc7 7. Be2 d5 8.
exd5 Nxd5 9. Bg5 Bd7 10. O-O Bd6 11. N4f3 O-O 12. c3 Nc6 13. Ne4 Be7 14. Bxe7
Ncxe7 15. Qd2 f5 16. Ng3 Nf4 1/2-1/2

[Event "136689 14th Rakosmente Open"]
[Site "1174 Szabadság utca 24. I. em"]
[Date "2016.05.28"]
[Round "2.8"]
[White "Palczert, Miklos Dr"]
[Black "Szurkos, Andras"]
[Result "1-0"]
[WhiteElo "1767"]
[BlackElo "1639"]
[PlyCount "123"]
[EventDate "2016.05.27"]

1. e4 e5 2. Nc3 Nc6 3. Bc4 Bc5 4. Qg4 g6 5. Qf3 Qf6 6. Nd5 Qxf3 7. Nxf3 Bb6 8.
d3 d6 9. Be3 Ba5+ 10. c3 Kd8 11. a4 Be6 12. Bg5+ Kd7 13. b4 Bxd5 14. Bxd5 Nxb4
15. cxb4 Bxb4+ 16. Ke2 f6 17. Rab1 c6 18. Bxg8 a5 19. Bxf6 Rhxg8 20. Bg5 c5 21.
h4 h5 22. Nd2 Kc6 23. Nc4 Rge8 24. Rh3 Re6 25. Rf3 b5 26. axb5+ Kxb5 27. Ne3 a4
28. Ra1 a3 29. Nd5 Ra7 30. Kd1 Re8 31. Rf6 Rd8 32. Rxg6 Rdd7 33. Kc2 c4 34.
dxc4+ Kxc4 35. Nb6+ Kd4 36. Nxd7 Rxd7 37. Bd2 Rc7+ 38. Kd1 Bc5 39. Be3+ Kc3 40.
Bxc5 dxc5 41. Rg3+ Kd4 42. Re3 Rb7 43. Raxa3 Rb2 44. Rad3+ Kc4 45. Rd2 Rb1+ 46.
Ke2 Kb4 47. Rd5 c4 48. Rd8 Rc1 49. Rb8+ Kc5 50. Rc8+ Kb4 51. Kd2 Rf1 52. Re2
Rh1 53. g3 Ra1 54. Re3 Ra2+ 55. Ke1 Ra1+ 56. Ke2 Rc1 57. Rc7 c3 58. Rcxc3 Rxc3
59. Rxc3 Kxc3 60. g4 Kd4 61. gxh5 Kxe4 62. h6 1-0

[Event "136689 14th Rakosmente Open"]
[Site "1174 Szabadság utca 24. I. em"]
[Date "2016.05.28"]
[Round "2.9"]
[White "Tolnai, Jozsef"]
[Black "Forgacs, Andras"]
[Result "1/2-1/2"]
[WhiteElo "1756"]
[BlackElo "1618"]
[PlyCount "59"]
[EventDate "2016.05.27"]

1. e4 c6 2. d4 d5 3. exd5 cxd5 4. c4 Nf6 5. Nc3 Nc6 6. cxd5 Nxd5 7. Bb5 Nxc3 8.
bxc3 Qd5 9. Bxc6+ Qxc6 10. Qf3 Bd7 11. Qxc6 Bxc6 12. f3 e6 13. Ne2 b6 14. a4 a6
15. Bd2 b5 16. axb5 Bxb5 17. Kf2 a5 18. c4 Bxc4 19. Rxa5 Rxa5 20. Bxa5 Bxe2 21.
Kxe2 Bd6 22. Rc1 Ke7 23. Bc7 Ra8 24. Bxd6+ Kxd6 25. Rd1 Ra2+ 26. Rd2 Rxd2+ 27.
Kxd2 Kd5 28. Kd3 e5 29. dxe5 Kxe5 30. Ke3 1/2-1/2

[Event "136689 14th Rakosmente Open"]
[Site "1174 Szabadság utca 24. I. em"]
[Date "2016.05.28"]
[Round "2.10"]
[White "Csermely, Zoltan"]
[Black "Solti, Gergely"]
[Result "0-1"]
[WhiteElo "1619"]
[BlackElo "1735"]
[PlyCount "54"]
[EventDate "2016.05.27"]

1. d4 Nf6 2. Qd3 d5 3. h3 g6 4. Bf4 Bg7 5. Nf3 O-O 6. g4 c5 7. Nc3 Nc6 8. dxc5
Qa5 9. Qb5 Qd8 10. O-O-O Bd7 11. Nxd5 Ne4 12. Rh2 e5 13. Be3 Nd4 14. Qc4 Be6
15. Bxd4 exd4 16. Nxd4 Bxd5 17. Qa4 Qf6 18. c4 Bc6 19. Qa3 Qf4+ 20. Qe3 Qxh2
21. Nxc6 bxc6 22. Qxe4 Qxf2 23. b4 Rad8 24. Qf3 Rxd1+ 25. Kxd1 Rd8+ 26. Kc2 Qd4
27. Qb3 Qd1# 0-1